<?xml version="1.0" encoding="UTF-8"?>
<marc:record xmlns:marc="http://www.loc.gov/MARC21/slim">
   <marc:leader>00000nam a2200000 a 4500</marc:leader>
   <marc:datafield ind1="1" ind2=" " tag="100">
      <marc:subfield code="a">Shepherd, Catherine</marc:subfield>
      <marc:subfield code="4">aut</marc:subfield>
      <marc:subfield code="e">Verfasser/-in</marc:subfield>
   </marc:datafield>
   <marc:datafield ind1="0" ind2="0" tag="245">
      <marc:subfield code="a">Der Sichelmörder von Zons</marc:subfield>
   </marc:datafield>
   <marc:datafield ind1="0" ind2="0" tag="245">
      <marc:subfield code="c">Catherine Shepherd</marc:subfield>
   </marc:datafield>
   <marc:datafield ind1=" " ind2="1" tag="264">
      <marc:subfield code="a">Rauenberg</marc:subfield>
      <marc:subfield code="b">Verl. Abenteuerreiter</marc:subfield>
      <marc:subfield code="c">2013</marc:subfield>
   </marc:datafield>
   <marc:datafield ind1="1" ind2=" " tag="520">
      <marc:subfield code="a">Zons 1496: Während Bastian Mühlenberg von der Zonser Stadtwache auf der Spur eines uralten Schatzes ist, den der Erzbischof von Saarwerden bei Errichtung der Stadtmauern tief unter der Erde von Zons verborgen hat, treibt ein brutaler Mörder mit einer goldenen Sichel sein blutiges Spiel mit seinen Opfern. Scheinbar wahllos verschwinden &#x84;unbescholtene&#x93; Bürger und alles was von ihnen übrig bleibt, sind ihre toten Zungen, die sichtbaren Zeichen ihrer Sünden. Drei silberne Schlüssel, behütet von Pfarrer Johannes und der St. Sebastianus-Schützenbruderschaft, führen Bastian in ein verschlungenes Labyrinth unterhalb von Zons, wo ein düsteres Geheimnis auf ihn wartet...</marc:subfield>
   </marc:datafield>
   <marc:datafield ind1=" " ind2=" " tag="020">
      <marc:subfield code="a">9783000407901</marc:subfield>
      <marc:subfield code="9">9783000407901</marc:subfield>
   </marc:datafield>
   <marc:datafield ind1=" " ind2=" " tag="020">
      <marc:subfield code="a">3000407901</marc:subfield>
      <marc:subfield code="9">3000407901</marc:subfield>
   </marc:datafield>
   <marc:datafield ind1=" " ind2=" " tag="300">
      <marc:subfield code="a">318 S</marc:subfield>
   </marc:datafield>
</marc:record>
